LIBRARY & INFORMATION CENTRE, KCAET, TAVANUR

ONLINE PUBLIC ACCESS CATALOGUE (OPAC)

Text book of sound / (Record no. 11047)

MARC details
000 -LEADER
fixed length control field 00460cam a2200193ua 4500
041 ## - LANGUAGE CODE
Language code of text/sound track or separate title eng
082 ## - DEWEY DECIMAL CLASSIFICATION NUMBER
Classification number 534
Item number RAM/JE
100 ## - MAIN ENTRY--AUTHOR NAME
Personal name Ramamoorthi, S .
245 ## - TITLE STATEMENT
Title Text book of sound /
250 ## - EDITION STATEMENT
Edition statement 1 /
260 ## - PUBLICATION, DISTRIBUTION, ETC. (IMPRINT)
Place of publication Madras :
Name of publisher National publishing co. ,
Year of publication 1963.
300 ## - PHYSICAL DESCRIPTION
Number of Pages 232 ; .
700 1# - ADDED ENTRY--PERSONAL NAME
Personal name Radha, K .
942 ## - ADDED ENTRY ELEMENTS (KOHA)
Koha item type Books
Holdings
Withdrawn status Lost status Damaged status Home library Current library Date acquired Full call number Accession Number Koha item type Public note
Withdrawn     KAUAET Sanskrit University 07/04/2012 534 7706 Books Transferred to Sanskrit University
free website counter